Business laws / (Record no. 193871)

MARC details
000 -LEADER
fixed length control field 00844nam a22002177a 4500
005 - DATE AND TIME OF LATEST TRANSACTION
control field 20250313130002.0
010 ## - LCCN (DPL NO)
LC control number ENG-144026 B-747232-239 E.N.A./7.11.22
020 ## - INTERNATIONAL STANDARD BOOK NUMBER
Terms of availability 299.00
International Standard Book Number 9789356742024
035 ## - SYSTEM CONTROL NUMBER
System control number B-747232-239
035 ## - SYSTEM CONTROL NUMBER
System control number EN-127558
037 ## - SOURCE OF ACQUISITION
Source of stock number/acquisition AKPD
082 ## - DEWEY DECIMAL CLASSIFICATION NUMBER
Classification number 346.07
100 ## - MAIN ENTRY--PERSONAL NAME
Personal name Kuchhal, M C
245 1# - TITLE STATEMENT
Title Business laws /
Statement of responsibility, etc M C Kuchhal, Vivek Kuchhal
260 ## - PUBLICATION, DISTRIBUTION, ETC. (IMPRINT)
Place of publication, distribution, etc New Delhi
Name of publisher, distributor, etc Vikas Publication
Date of publication, distribution, etc 2023
270 ## - ADDRESS
Address A-27,2nd Floor, Mohan Co-Operative Industrial Estate,
City New Delhi
Postal code 110044
300 ## - PHYSICAL DESCRIPTION
Extent 329p.
Dimensions 23cm (Pbk.)
700 1# - ADDED ENTRY--PERSONAL NAME
Personal name Kuchhal, Vivek
9 (RLIN) 79607
942 ## - ADDED ENTRY ELEMENTS (KOHA)
Item type English Books
Call number suffix KUC
Source of classification or shelving scheme Dewey Decimal Classification
Classification part 346.07
Holdings
Withdrawn status Lost status Not for loan Collection code Home library Current library Date acquired Source of acquisition Cost, normal purchase price Full call number Barcode Copy number Cost, replacement price Koha item type
      Non-fiction Ashok Vihar Ashok Vihar 27/01/2023 AKPD/A-22/28.11.22/147/23.11.22/2.12.22 299.00 346.07 KUC B-747233 1 299.00 English Books
      Non-fiction Bawana Bawana 27/01/2023 AKPD/A-22/28.11.22/147/23.11.22/2.12.22 299.00 346.07 KUC B-747237 1 299.00 English Books
      Non-fiction Central Library Central Library 27/01/2023 AKPD/A-22/28.11.22/147/23.11.22/2.12.22 299.00 346.07 KUC B-747232 1 299.00 English Books
      Non-fiction Patel Nagar Patel Nagar 27/01/2023 AKPD/A-22/28.11.22/147/23.11.22/2.12.22 299.00 346.07 KUC B-747234 1 299.00 English Books
      Non-fiction Sarojini Nagar Sarojini Nagar 27/01/2023 AKPD/A-22/28.11.22/147/23.11.22/2.12.22 299.00 346.07 KUC B-747235 1 299.00 English Books
      Non-fiction Sarojini Nagar Sarojini Nagar 13/03/2025 Delivery of Books Act Division 299.00 KUC 346.07 EN-127558 1 299.00 English Books
      Non-fiction Shahdara Branch Shahdara Branch 27/01/2023 AKPD/A-22/28.11.22/147/23.11.22/2.12.22 299.00 346.07 KUC B-747238 1 299.00 English Books
      Non-fiction Vinoba Puri Vinoba Puri 27/01/2023 AKPD/A-22/28.11.22/147/23.11.22/2.12.22 299.00 346.07 KUC B-747236 1 299.00 English Books
      Non-fiction Yojana Vihar Yojana Vihar 27/01/2023 AKPD/A-22/28.11.22/147/23.11.22/2.12.22 299.00 346.07 KUC B-747239 1 299.00 English Books

© Delhi Public Library
Hit Counter
free hit counter